000
00327nam a2200133Ia 4500
005
20251222153651.0
008
251222s9999||||xx |||||||||||||| ||spa||
082
_a
305.235.09/C534
100
_a
Chávez Granadino, Jorge
245
0
_a
¿Los Jóvenes a la Obra?
250
_a
1ra. ed.
264
_b
Agenda: Perú
942
_c
LIB
999
_c
33125
_d
33125